Groups of Things - Harry Potter (part 2) - Statistics

General Stats
  • This quiz has been taken 73 times
  • The average score is 33 of 54
Answer Stats
Hint Answer % Correct
House-Elfs Dobby
100%
Horcrux destroyers Harry Potter
95%
Schools of Magic Hogwart
95%
Defence of the Dark Arts Teachers Alastor Moody
93%
Horcrux destroyers Ron Weasley
93%
Defence of the Dark Arts Teachers Severus Snape
93%
Heads of Houses Severus Snape
93%
Defence of the Dark Arts Teachers Dolores Umbridge
91%
Defence of the Dark Arts Teachers Gilderoy Lockhart
89%
Defence of the Dark Arts Teachers Remus Lupin
89%
Horcrux destroyers Albus Dumbledore
88%
Obstacles protecting Philosophers Stone Fluffy (Hagrid)
88%
Horcrux destroyers Hermione Granger
86%
Ghosts of Hogwarts Nearly Headless Nick
86%
Obstacles protecting Philosophers Stone Chessboard (McGonagall)
84%
Schools of Magic Durmstrang
84%
Heads of Houses Minerva McGonagall
84%
Horcrux destroyers Neville Longbottom
84%
Defence of the Dark Arts Teachers Quirinus Quirrell
82%
House-Elfs Kreacher
80%
Headmaster Office Passwords Dumbledore
79%
Heads of Houses Filius Flitwick
75%
Members of the House Black met by Harry Sirius Black
75%
House-Elfs Winky
75%
Heads of Houses Pomona Sprout
71%
Ghosts of Hogwarts The Bloody Baron
71%
Horcrux destroyers Voldemort
71%
Schools of Magic Beauxbatons
70%
Obstacles protecting Philosophers Stone Flying Keys (Flitwick+Hooch)
70%
Ghosts of Hogwarts The Grey Lady
68%
Obstacles protecting Philosophers Stone Eirsed (Dumbledore)
66%
Obstacles protecting Philosophers Stone Devil's Snare (Sprout)
64%
Members of the House Black met by Harry Bellatrix Lestrange
61%
Members of the House Black met by Harry Draco Malfoy
61%
Obstacles protecting Philosophers Stone Potions (Snape)
61%
Defence of the Dark Arts Teachers Amycus Carrow
59%
Ghosts of Hogwarts Moaning Myrtle
59%
Ghosts of Hogwarts Peeves
55%
Members of the House Black met by Harry Narcissa Malfoy
54%
Members of the House Black met by Harry Andromeda Tonks
41%
Horcrux destroyers Vincent Crabb
41%
Members of the House Black met by Harry Nymphadora Tonks
39%
House-Elfs Hokey
38%
Obstacles protecting Philosophers Stone Troll (Quirrell)
23%
Locations protected with Fidelius Charm Order of the Phoenix Headquaters
20%
Headmaster Office Passwords Sherbet lemon
18%
Locations protected with Fidelius Charm Shell cottage
14%
Headmaster Office Passwords Acid Pops
11%
Headmaster Office Passwords Cockroach Clusters
9%
Headmaster Office Passwords Fizzing Whizbee
9%
Locations protected with Fidelius Charm Aunt Muriel's house
5%
Headmaster Office Passwords Toffee Eclairs
5%
Locations protected with Fidelius Charm Potter household
4%
Ghosts of Hogwarts The Fat Prior
4%
No matching quizzes found
Score Distribution
Percent of People with Each Score
Percentile by Number Answered
Your Score History
You have not taken this quiz